<?xml version="1.0" encoding="UTF-8"?>
<record
    xmlns:xsi="http://www.w3.org/2001/XMLSchema-instance"
    xsi:schemaLocation="http://www.loc.gov/MARC21/slim http://www.loc.gov/standards/marcxml/schema/MARC21slim.xsd"
    xmlns="http://www.loc.gov/MARC21/slim">

  <leader>01533nam a22002297a 4500</leader>
  <controlfield tag="005">20260131095221.0</controlfield>
  <controlfield tag="008">211011b           ||||| |||| 00| 0 eng d</controlfield>
  <datafield tag="020" ind1=" " ind2=" ">
    <subfield code="a">0375501371</subfield>
  </datafield>
  <datafield tag="040" ind1=" " ind2=" ">
    <subfield code="c">Aloy</subfield>
  </datafield>
  <datafield tag="041" ind1=" " ind2=" ">
    <subfield code="a">English</subfield>
  </datafield>
  <datafield tag="082" ind1=" " ind2=" ">
    <subfield code="2">23</subfield>
    <subfield code="a">813.54</subfield>
    <subfield code="b">IRVW</subfield>
  </datafield>
  <datafield tag="100" ind1=" " ind2=" ">
    <subfield code="a">John Irving</subfield>
    <subfield code="9">253369</subfield>
  </datafield>
  <datafield tag="245" ind1=" " ind2=" ">
    <subfield code="a">Widow for one year</subfield>
    <subfield code="b">A novel</subfield>
  </datafield>
  <datafield tag="260" ind1=" " ind2=" ">
    <subfield code="a">New York</subfield>
    <subfield code="b">Random House</subfield>
    <subfield code="c">1998</subfield>
  </datafield>
  <datafield tag="300" ind1=" " ind2=" ">
    <subfield code="a">xiv,537p</subfield>
    <subfield code="b">HB</subfield>
    <subfield code="c">24x16cm</subfield>
  </datafield>
  <datafield tag="365" ind1=" " ind2=" ">
    <subfield code="b">$27.95</subfield>
    <subfield code="c">$</subfield>
    <subfield code="d">$27.95</subfield>
  </datafield>
  <datafield tag="520" ind1=" " ind2=" ">
    <subfield code="a">Ruth Cole is a complex, often self-contradictory character--a difficult woman.By no means is she conventionally nice, but she will never be forgotten. Ruths story is told in three parts, each focusing on a crucial time in her life.When we first meet her--on Long Island, in the summer of 1958--Ruth is only four. The second window into Ruths life opens in the fall of 1990, when Ruth is an unmarried woman whose personal life is not nearly as successful as her literary career.She distrusts her judgment in men, for good reason. A Widow for One Year closes in the autumn of 1995, when Ruth Cole is a forty-one-year-old widow and mother.Shes about to fall in love for the first time. Richly comic, as well as deeply disturbing A Widow for One Year is a multilayered love story of astonishing emotional force.Both ribald and erotic, it is also a brilliant novel about the passage of time and the relentlessness of grief.</subfield>
  </datafield>
  <datafield tag="650" ind1=" " ind2=" ">
    <subfield code="a"> Women novelists--Fiction</subfield>
    <subfield code="9">1157</subfield>
  </datafield>
  <datafield tag="650" ind1=" " ind2=" ">
    <subfield code="a"> Single mothers--Fiction</subfield>
    <subfield code="9">1158</subfield>
  </datafield>
  <datafield tag="650" ind1=" " ind2=" ">
    <subfield code="a">Widows--Fiction</subfield>
    <subfield code="9">1159</subfield>
  </datafield>
  <datafield tag="942" ind1=" " ind2=" ">
    <subfield code="2">ddc</subfield>
    <subfield code="c">GF</subfield>
  </datafield>
  <datafield tag="999" ind1=" " ind2=" ">
    <subfield code="c">216572</subfield>
    <subfield code="d">216572</subfield>
  </datafield>
  <datafield tag="952" ind1=" " ind2=" ">
    <subfield code="0">0</subfield>
    <subfield code="1">0</subfield>
    <subfield code="2">ddc</subfield>
    <subfield code="4">0</subfield>
    <subfield code="7">0</subfield>
    <subfield code="8">ENG</subfield>
    <subfield code="a">AL</subfield>
    <subfield code="b">AL</subfield>
    <subfield code="d">2021-10-11</subfield>
    <subfield code="l">0</subfield>
    <subfield code="o">813.54 IRVW</subfield>
    <subfield code="p">GF02387</subfield>
    <subfield code="r">2021-10-11 00:00:00</subfield>
    <subfield code="v">0.00</subfield>
    <subfield code="w">2021-10-11</subfield>
    <subfield code="y">GF</subfield>
  </datafield>
</record>
